00838 2200313 4500001002100000005001500021035002000036007000300056008004100059040001600100100001600116245008100132250000900213300003000222020002200252041000800274082001000282084001600292090002000308260003000328650001300358700002300371850001000394990002400404990002400428990002400452990002400476990002400500INLIS00000000000206720260603111057 a0010-0120000510ta260603 0  aSBUPADbInd0 aWarner Bros1 aMaksicolor :bBuku Mewarnai dan Aktifitas /cWarner Bros; Penerjemah: Ariata aEd.1 a24 hlm. :bilus. ;c28 cm a978-979-29-5807-2 aInd a371.1 a371.1 WAR m a371.1 WAR m 5-5 aYogyakarta :bAndi,c2016 4aMewarnai0 aPenerjemah: Ariata aPUPAD a34.339/DAK/DPK/2019 a34.340/DAK/DPK/2019 a34.340/DAK/DPK/2019 a34.337/DAK/DPK/2019 a34.338/DAK/DPK/2019